000 00440nam a2200169Ia 4500
008 231217s9999 xx 000 0 und d
020 _a817881580x
041 _aEnglish
082 _a005.7 JAY;1 R
100 _aJaya Krishna, S ed.
245 0 _aData warehousing : process and industry applications
250 _a1st ed.
260 _c2005
_bIcfai
_aHyderabad
300 _axi, 186
650 _awarehousing,process
942 _cAA
999 _c190075
_d190075